HAYATTAN SAHİFELER (Kayıt no. 918554)

MARC ayrıntıları
000 -LEADER
sabit uzunluktaki kontrol alanı 00254nam a2200097Ia 4500
001 - KONTROL NUMARASI
kontrol alanı 918554
005 - EN SON İŞLEMİN TARİH VE ZAMANI
kontrol alanı 20250826185934.0
008 - SABİT-UZUNLUKTA VERİ ÖĞELERİ--GENEL BİLGİ
sabit uzunluktaki kontrol alanı 250824s9999 xx 000 0 und d
245 #0 - ESER / YAZAR
ESER ADI HAYATTAN SAHİFELER
Yazar Adı HÜSEYİN RAHMİ GÜRPINAR
260 ## - YAYIN, DAĞITIM, VB.
YAYIN EVİ PALET YAYINLARI
Mevcut
Düşüm durumu Kayıp durumu Hasar Durumu Ödünç verilmez Ana kütüphane Geçerli Kütüphane Edinilen tarih Toplam ödünç verme sayısı Barkod Son görüntüleme tarihi Fiyatın geçerli olmaya başladığı tarih Koha materyal türü
        AYŞE- KEMAL İNANÇ ANADOLU İMAM HATİP LİSESİ AYŞE- KEMAL İNANÇ ANADOLU İMAM HATİP LİSESİ 24.08.2025   10471873 26.08.2025 26.08.2025 Kitaplar
Gemini Bilgi Teknolojileri A.Ş. tarafından düzenlenmiştir.